समाजशास्त्र विवेचन / (Record no. 63942)

MARC details
000 -LEADER
fixed length control field 00812nam a22001817a 4500
005 - DATE AND TIME OF LATEST TRANSACTION
control field 20120310102321.0
020 ## - INTERNATIONAL STANDARD BOOK NUMBER
Terms of availability 110.00
International Standard Book Number 817137543x
035 ## - SYSTEM CONTROL NUMBER
System control number B-226763
037 ## - SOURCE OF ACQUISITION
Source of stock number/acquisition
Stock number dpl
082 ## - DEWEY DECIMAL CLASSIFICATION NUMBER
Classification number 301
100 ## - MAIN ENTRY--PERSONAL NAME
Personal name सिंघी, नरेन्द्र कुमार
245 1# - TITLE STATEMENT
Title समाजशास्त्र विवेचन /
Statement of responsibility, etc नरेन्द्र कुमार सिंघी
260 ## - PUBLICATION, DISTRIBUTION, ETC. (IMPRINT)
Place of publication, distribution, etc जयपुर
Name of publisher, distributor, etc राजस्थान हिन्दी ग्रन्थ अकादमी
Date of publication, distribution, etc 2006
270 ## - ADDRESS
Address
City
Postal code
Telephone number
300 ## - PHYSICAL DESCRIPTION
Extent 448पृ.
Dimensions 22सेमी (अजिल्द)
942 ## - ADDED ENTRY ELEMENTS (KOHA)
Institution code [OBSOLETE] dpl
Item type Hindi Books
Call number prefix
Source of classification or shelving scheme Dewey Decimal Classification
Classification part 301
Call number suffix सिंघीन
Holdings
Withdrawn status Lost status Not for loan Collection code Home library Current library Date acquired Cost, normal purchase price Full call number Barcode Cost, replacement price Koha item type
      Non-fiction Sarojini Nagar Sarojini Nagar 10/03/2012 110.00 301 सिंघीन B-226763 110.00 Hindi Books

© Delhi Public Library
Hit Counter
free hit counter